=LDR 00000nam 2200000 4500 =001 INLIS000000000037964 =990 ##$$a 21110652 =005 20200213062546 =990 ##$$a 21110654 =035 ##$$a 0010-061300000037964 =990 ##$$a 21105257 =008 200213################g##########0#ind## =990 ##$$a 93609/BPAP-NTB/2014 =041 ##$$a Ind =990 ##$$a 21105252 =082 ##$$a 155.5 =990 ##$$a 21195045/BPAP-NTB/2014 =090 ##$$a 155.5, Elp p =990 ##$$a 21105256 =100 ##$$a El-Padary, Rian Hidayat =990 ##$$a 21105253 =245 1#$$a Pelajar gaul pribadi rasul prestasi unggul /$c Rian Hidayat El-Padary =990 ##$$a 0001/BPAP-NTB/20142014 =260 ##$$a Jakarta :$b Almanda Media,$c 2011 =300 ##$$a xvi, 160 hlm, ; $c 14x20.5 cm =650 #4$$a Psikologi Remaja =850 ##$$a NBPNMAT =020 ##$$a 978-602-9269-00-0 =084 ##$$a 155.5 EL- p =990 ##$$a 21110654 =990 ##$$a 21105257 =990 ##$$a 21110652 =990 ##$$a 93609/BPAP-NTB/2014 =990 ##$$a 21105252 =990 ##$$a 21195045/BPAP-NTB/2014 =990 ##$$a 21105256 =990 ##$$a 21105253 =990 ##$$a 0001/BPAP-NTB/20142014 =990 ##$$a 21105257 =990 ##$$a 21105257 =990 ##$$a 21110654 =990 ##$$a 21110654 =990 ##$$a 21110652 =990 ##$$a 21110652 =990 ##$$a 93609/BPAP-NTB/2014 =990 ##$$a 93609/BPAP-NTB/2014 =990 ##$$a 21105252 =990 ##$$a 21105252 =990 ##$$a 21195045/BPAP-NTB/2014 =990 ##$$a 21195045/BPAP-NTB/2014 =990 ##$$a 21105256 =990 ##$$a 21105256 =990 ##$$a 21105253 =990 ##$$a 21105253 =990 ##$$a 0001/BPAP-NTB/20142014 =990 ##$$a 0001/BPAP-NTB/20142014 =990 ##$$a 0001/BPAP-NTB/20142014 =990 ##$$a 21110654 =990 ##$$a 21105257 =990 ##$$a 21110652 =990 ##$$a 93609/BPAP-NTB/2014 =990 ##$$a 21105252 =990 ##$$a 21195045/BPAP-NTB/2014 =990 ##$$a 21105256 =990 ##$$a 21105253 =990 ##$$a 21105256 =990 ##$$a 21110654 =990 ##$$a 21105257 =990 ##$$a 21110652 =990 ##$$a 93609/BPAP-NTB/2014 =990 ##$$a 21105252 =990 ##$$a 21195045/BPAP-NTB/2014 =990 ##$$a 21105253 =990 ##$$a 0001/BPAP-NTB/20142014 =990 ##$$a 21195045/BPAP-NTB/2014 =990 ##$$a 21110654 =990 ##$$a 21105257 =990 ##$$a 21110652 =990 ##$$a 93609/BPAP-NTB/2014 =990 ##$$a 21105252 =990 ##$$a 21105256 =990 ##$$a 21105253 =990 ##$$a 0001/BPAP-NTB/20142014 =990 ##$$a 21195045/BPAP-NTB/2014 =990 ##$$a 21110654 =990 ##$$a 21105257 =990 ##$$a 21110652 =990 ##$$a 93609/BPAP-NTB/2014 =990 ##$$a 21105252 =990 ##$$a 21105256 =990 ##$$a 21105253 =990 ##$$a 0001/BPAP-NTB/20142014